000 00699nam a2200265Ia 4500
005 20260302115943.0
008 008 260114s9999 xx 000 0 eng d
020 _a9781526513540
037 _aTextbook
040 _aCRL
040 _beng
040 _cCRL
041 _2eng
041 _aeng
084 _qCRL
100 _aMark Taylor
_91123173
245 0 _aBloomsbury Professional Law Insight - Cannabis Law and Regulation
260 _bBloomsbury
260 _bBloomsbury Professional
260 _c2020
650 _aLaw
856 _uhttps://dx.doi.org/10.5040/9781526513540?locatt=label:secondary_bloomsburyCollections
942 _cEBOOK
999 _c1688044
_d1688044